Tribhuvan University Central Library

Distributional impact on case and in-kind social transfers in Eastern Europe and Russia (Record no. 6878)

MARC details
000 -LEADER
fixed length control field 003940000a22001570004500
082 ## - DEWEY DECIMAL CLASSIFICATION NUMBER
Classification number 332.4
Item number M611d
-- UN
041 ## - LANGUAGE CODE
Language code of text/sound track or separate title Eng
100 ## - MAIN ENTRY--PERSONAL NAME
Personal name Milanovic, Branko
245 ## - TITLE STATEMENT
Title Distributional impact on case and in-kind social transfers in Eastern Europe and Russia
260 ## - PUBLICATION, DISTRIBUTION, ETC. (IMPRINT)
Place of publication, distribution, etc Washington,D.C.
Name of publisher, distributor, etc The World Bank
260 ## - PUBLICATION, DISTRIBUTION, ETC. (IMPRINT)
Date of publication, distribution, etc 1992
300 ## - PHYSICAL DESCRIPTION
Extent 39p.
530 ## - ADDITIONAL PHYSICAL FORM AVAILABLE NOTE
Additional physical form available note M
650 ## - SUBJECT ADDED ENTRY--TOPICAL TERM
Topical term or geographic name as entry element Money
942 ## - ADDED ENTRY ELEMENTS (KOHA)
Koha item type General Collections

No items available.